Представление документа в формате MARC21

Поле Инд. ПП Название Значение
Тип записи a
Библиографический уровень m
001 Контрольный номер 63a27dbc-892a-412d-97c1-6c22784443dc
005 Дата корректировки 20140703143220.4
008 Кодируемые данные 020613
020 c Цена, тираж б/ц
040 a Служба первич. каталог. НБ ТвГУ
041 a Код языка текста rus
080 a Индекс УДК 811.112.2'36(043.3)
a Индекс УДК 811.112.2'8(043.3)
084 a Индекс другой классификации/Индекс ББК Ш143.24-7я031
a Индекс другой классификации/Индекс ББК Ш143.24-2я031
090 x Авторский знак Н58
a Полочн. индекс Ш143.24
100 1_ a Автор Нефедова Таисия Ивановна
245 10 a Заглавие Повтор словоформы презенса в значении конкретного и абстрактного настоящего как грамматико-стилистический прием современной немецкой беллетристики (на материале речи персонажей)
b Продолж. заглавия автореф. дис. ... канд. филол. наук : 10.02.04
c Ответственность М-во высш. и сред. спец. образования РСФСР, Калинин. гос. ун-т
260 0_ a Место издания Калинин
b Издательство КГУ
c Дата издания 1973
300 a Объем 26, [1] с.
500 a Примечание На правах рукоп.
504 a Библиография Библиогр. в конце кн. и в подстроч. примеч.
583 a Действие Получение впервые 97 22.03.2006
650 a Основная рубрика Немецкий язык
x Основная подрубрика Стилистика
x Основная подрубрика Грамматика
650 a Основная рубрика Анализ текста художественного
x Основная подрубрика Персонажей речь
x Основная подрубрика Речь
653 a Ключевые слова Немецкий язык
a Ключевые слова Стилистика немецкого языка
a Ключевые слова Грамматика немецкого языка
a Ключевые слова Словоформы презенса
a Ключевые слова Презенс
a Ключевые слова Анализ текста
a Ключевые слова Анализ художественного текста
a Ключевые слова Речь персонажей
a Ключевые слова Монологическая речь
a Ключевые слова Диалогическая речь
a Ключевые слова Авторефераты
852 t Порядковый номер экземпляра 2
p Инвентарный номер б/н
888 a Бесплатные
930 a Новая/Ретро авторефераты
952 p 97.2006 б/ц 2 б/н
c Вид литературы А/Р н
954 a Дата поступления на обработку 20060401
999 a Подразделение 2 ч.з.